000 00633 a2200217 4500
020 _a0-618-48111-7
040 _aDLC
_bDLC
082 _a808.0666
100 1 _aKolin, Philip C.
245 1 0 _aSuccessful writing at work
_cPhilip C. Kolin
250 _aConsise ed.
260 _aBoston :
_bHoughton Mifflin,
_cc2006
300 _axvii, 344 s. :
_bill.
650 0 _aEnglish language
650 0 _aEnglish language
_xBusiness English
650 0 _aEnglish language
_xTechnical English
650 0 _aTechnical writing
650 0 _aBusiness writing
650 0 _aEnglish language
_xBusiness English
942 _cBK
_k808.0666 KOL
_2ddc
999 _c4896
_d4896